Salmos Apócrifos (Record no. 7904)
[ view plain ]
| 000 -LEADER | |
|---|---|
| campo de control de longitud fija | 00318nam a2200133Ia 4500 |
| 001 - NÚMERO DE CONTROL | |
| campo de control | 1133 |
| 008 - DATOS DE LONGITUD FIJA--INFORMACIÓN GENERAL | |
| campo de control de longitud fija | 241024s9999 xx 000 0 und d |
| 082 ## - NÚMERO DE LA CLASIFICACIÓN DECIMAL DEWEY | |
| Número de clasificación | RD/861.44/C352s |
| 100 ## - ENTRADA PRINCIPAL--NOMBRE DE PERSONA | |
| Nombre de persona | [*SIN AUTOR*] |
| 245 #0 - MENCIÓN DEL TÍTULO | |
| Título | Salmos Apócrifos |
| 260 ## - PUBLICACIÓN, DISTRIBUCIÓN, ETC. | |
| Nombre del editor, distribuidor, etc. | [*SIN EDITORIAL*] |
| Fecha de publicación, distribución, etc. | 2007 |
| 901 ## - ELEMENTOS DE DATOS A LOCAL LDA (RLIN) | |
| a | 1/2/2011 1:15:35 p.m. |
No items available.